| 000 | 00825cam a2200253 a 4500 | ||
|---|---|---|---|
| 001 | 000012017 | ||
| 005 | 20250401133620.0 | ||
| 008 | 990708s1999 pe a f000 0 spa | ||
| 020 | _a997275507X | ||
| 035 | _a(DLC) 99224414 | ||
| 035 | _a(BoCbEI)ei 990300128 | ||
| 040 |
_aDO-SdBNP _bDLC _cDLC _dBNPHU |
||
| 082 |
_a398.3 _bM656d |
||
| 100 | 1 |
_aMillones, Luis. _928421 |
|
| 245 | 1 | 0 |
_aDioses familiares : _bfestivales populares en el Perú contemporáneo / _cLuis Millones. |
| 260 |
_aLima, (Perú) : _bCongreso del Perú, _c1999. |
||
| 300 |
_a291 p. : _bil ; _c21 cm. |
||
| 500 | _aReimpresión del año 2000. | ||
| 504 | _aIncluye referencias bibliográficas: (p. 277-291). | ||
| 650 | 0 |
_aFolclore _933448 |
|
| 650 | 4 |
_aReligiosidad popular _zPerú. _928422 |
|
| 910 | _aCatalogación por copia/LC | ||
| 049 | _aBNGR | ||
| 999 |
_c11685 _d11685 |
||